| 000 | 00710cam a2200241 4500500 | ||
|---|---|---|---|
| 005 | 20260405003837.0 | ||
| 041 | _afre | ||
| 042 | _adc | ||
| 100 | 1 | 0 |
_aLegros, Martin _eauthor |
| 245 | 0 | 0 | _aIl faut imaginer Monique heureuse. Le billet de Martin Legros |
| 260 | _c2024. | ||
| 500 | _a31 | ||
| 690 | _aAbsurde | ||
| 690 | _aAlbert Camus | ||
| 690 | _aÉdouard Louis | ||
| 690 | _aÉvasion | ||
| 690 | _aHéroïsme | ||
| 690 | _aMartin Legros | ||
| 690 | _aMère | ||
| 690 | _aRachel Bespaloff | ||
| 786 | 0 | _nPhilosophie magazine | 179 | 5 | 2024-05-01 | p. 56-56 | 1951-1787 | |
| 856 | 4 | 1 | _uhttps://shs.cairn.info/magazine-philosophie-magazine-2024-5-page-56?lang=fr&redirect-ssocas=7080 |
| 999 |
_c2071355 _d2071355 |
||